000
00442nam a2200169Ia 4500
008
090711s9999 xx 000 0 und d
082
_b
74704
100
_a
खरे सुरेश
245
_a
मिश्किली
260
_c
1994
300
_a
64
600
_a
खरे सुरेश
630
_a
मिश्किली
700
_a
खरे सुरेश
730
_a
मिश्किली
942
_c
BOOK
999
_c
308443
_d
308443